Reprezentanci Polski na Eurowizji - Statystyki

Ogólne statystyki
  • Ten quiz został rozwiązany 1 093 razy
    541 od ostatniego zresetowania
  • Średni wynik to 12 z 24
Statystyki odpowiedzi
Rok Miejsce Wykonawca % Poprawnych
1994 2 Edyta Górniak
93%
2023 19 Blanka
91%
2016 8 Michał Szpak
79%
2014 14 Donatan i Cleo
75%
2006 Półfinał Ich Troje
73%
2021 Półfinał Rafał Brzozowski
71%
1995 18 Justyna Steczkowska
67%
2022 12 Krystian Ochman
66%
2011 Półfinał Magdalena Tul
57%
2019 Półfinał Tulia
51%
2017 22 Kasia Moś
50%
2001 20 Piasek
49%
2018 Półfinał Gromee feat. Lukas Meijer
45%
1999 18 Mietek Szcześniak
40%
2004 17 Blue Café
39%
1997 11 Anna Maria Jopek
38%
1996 15 Kasia Kowalska
34%
2015 23 Monika Kuszyńska
33%
2008 24 Isis Gee
31%
2005 Półfinał Ivan i Delfin
30%
2007 Półfinał The Jet Set
28%
2009 Półfinał Lidia Kopania
26%
2010 Półfinał Marcin Mroziński
26%
1998 17 Sixteen
26%
Nie znaleziono quizów pasujących do podanych kryteriów
Rozkład punktacji
Procent ludzi z każdym wynikiem
Percentyl według liczby udzielonych odpowiedzi
Twoja historia wyników
Nie rozwiązałeś tego quizu od ostatniego zresetowania